000 00292nam a22001337a 4500
008 171005b xxu||||| |||| 00| 0 eng d
020 _a9780195378016
041 _aeng
080 _a159.9
100 _a49
101 _aPSI
245 _aGOIND TO EXTREMES
_cSUNSTEIN,C.R
942 _2udc
_cBK
999 _c32101
_d32101